Ancient Geography - Statistics

General Stats
  • This quiz has been taken 4,237 times
  • The average score is 11 of 16
Answer Stats
Then Now % Correct
Persia Iran
98%
Byzantium Turkey
95%
Machu Picchu Peru
91%
Gaul France
89%
Tenochtitlan Mexico
89%
Assyria Iraq
81%
Carthage Tunisia
77%
Petra Jordan
73%
Angkor Cambodia
70%
Abyssinia Ethiopia
65%
Etruria Italy
62%
Nubia Sudan
61%
Amarna Egypt
57%
Mercia England
56%
Wa Japan
46%
Borobudur Indonesia
24%
No matching quizzes found
Score Distribution
Percent of People with Each Score
Percentile by Number Answered
Your Score History
You have not taken this quiz